000 01157nam a22003490a 4500
001 PT4860
003 AR-LpoUNG
005 20210131232029.0
008 191001s1992||||bl |||||||||||||||||spa d
020 _a8506013445
_c$4.31
040 _aAR-LpoUNG
_bspa
_cAR-LpoUNG
_eaacr
041 _aspa
_apor
044 _abl
082 0 _aR469 434gra
100 1 _aPereira, Helena B. C.
245 1 0 _aGran diccionario Michaelis :
_bespañol-portugués : portugués-español
250 _a1ra. ed.
260 _aSão Paulo :
_bBibliográfica Internacional,
_c1992.
300 _a631 p. :
_bgráfs., tbls.
520 _a<p>Abreviatura, conjugación de verbos en español, conjugación de verbos en portugues, lista de verbos irregulares (español), lista de verbo irregulares (portugués).</p>
650 4 _aDICCIONARIOS
650 4 _aDOCUMENTOS PRIMARIOS
650 4 _aLENGUA PORTUGUESA
650 4 _aMATERIAL DE REFERENCIA
650 4 _aTEMINOLOGIA
651 4 _aDOCUMENTOS TEORICOS O METODOLOGICOS
653 _aDICCIONARIOS BILINGÜES
653 _aDICCIONARIOS DE PORTUGUES
700 1 _aSigner, Rena
905 _a4860
942 _cLSALA
999 _c13339
_d13339